<?xml version="1.0" encoding="UTF-8"?>
<record
    xmlns:xsi="http://www.w3.org/2001/XMLSchema-instance"
    xsi:schemaLocation="http://www.loc.gov/MARC21/slim http://www.loc.gov/standards/marcxml/schema/MARC21slim.xsd"
    xmlns="http://www.loc.gov/MARC21/slim">

  <leader>01386nam a2200205   4500</leader>
  <controlfield tag="005">20250919111654.0</controlfield>
  <controlfield tag="008">250916b        |||||||| |||| 00| 0 eng d</controlfield>
  <datafield tag="020" ind1=" " ind2=" ">
    <subfield code="a">9789349015265</subfield>
  </datafield>
  <datafield tag="041" ind1=" " ind2=" ">
    <subfield code="a">English</subfield>
  </datafield>
  <datafield tag="082" ind1=" " ind2=" ">
    <subfield code="a">342</subfield>
    <subfield code="b">BAK</subfield>
  </datafield>
  <datafield tag="100" ind1=" " ind2=" ">
    <subfield code="a">Bakshi P. M. </subfield>
    <subfield code="9">213078</subfield>
  </datafield>
  <datafield tag="245" ind1=" " ind2=" ">
    <subfield code="a">The Constitution of India </subfield>
  </datafield>
  <datafield tag="250" ind1=" " ind2=" ">
    <subfield code="a">20th</subfield>
  </datafield>
  <datafield tag="260" ind1=" " ind2=" ">
    <subfield code="a">India</subfield>
    <subfield code="b">LexisNexis</subfield>
    <subfield code="c">2025</subfield>
  </datafield>
  <datafield tag="300" ind1=" " ind2=" ">
    <subfield code="a">610</subfield>
  </datafield>
  <datafield tag="365" ind1=" " ind2=" ">
    <subfield code="b">360.00</subfield>
    <subfield code="c">Rs.00</subfield>
  </datafield>
  <datafield tag="520" ind1=" " ind2=" ">
    <subfield code="a">1.	Provisions
2.	Preamble
3.	The Union &amp; Its Territory
4.	Citizenship
5.	Fundamental Rights
6.	Directive Principles of State Policy
7.	Fundamental Duties 
8.	The Union
9.	The States
10.	The States in Part B the First Schedule
11.	The Union Territories
12.	The Panchayats
13.	The Municipalities
14.	The Co-operative Societies
15.	The Scheduled &amp; Tribal Areas
16.	Relation between the Union &amp; the States
17.	Finance, Property, Contracts &amp; Suits
18.	Trade, Commerce &amp; Intercourse within the Territory of India
19.	Services under the Union &amp; the States
20.	Tribunals
21.	Elections
22.	Special Provisions Relating to Certain Classes
23.	Official Language
24.	Emergency Provisions
25.	Miscellaneous 
26.	Amendment of the Constitution
27.	Temporary, Transitional &amp; Special Provisions
28.	Short Title, Commencement, Authoritative Text in Hindi &amp; Repeals
29.	Schedules 1 to 12
</subfield>
  </datafield>
  <datafield tag="650" ind1=" " ind2=" ">
    <subfield code="a">Constitutional Law</subfield>
    <subfield code="9">213079</subfield>
  </datafield>
  <datafield tag="942" ind1=" " ind2=" ">
    <subfield code="c">BK</subfield>
  </datafield>
  <datafield tag="999" ind1=" " ind2=" ">
    <subfield code="c">367800</subfield>
    <subfield code="d">367800</subfield>
  </datafield>
  <datafield tag="952" ind1=" " ind2=" ">
    <subfield code="0">0</subfield>
    <subfield code="1">0</subfield>
    <subfield code="2">ddc</subfield>
    <subfield code="4">0</subfield>
    <subfield code="7">0</subfield>
    <subfield code="a">SOFT</subfield>
    <subfield code="b">SOFT</subfield>
    <subfield code="d">2025-09-12</subfield>
    <subfield code="e">Pragati Book Centre</subfield>
    <subfield code="g">360.00</subfield>
    <subfield code="i">19775</subfield>
    <subfield code="l">0</subfield>
    <subfield code="o">342 BAK</subfield>
    <subfield code="p">SOFT-BK-4590</subfield>
    <subfield code="r">2025-09-16 06:29:59</subfield>
    <subfield code="t">20%</subfield>
    <subfield code="v">450.00</subfield>
    <subfield code="w">2025-09-12</subfield>
    <subfield code="y">BK</subfield>
  </datafield>
</record>
